000 00336nam a2200145Ia 4500
008 221030s9999 xx 000 0 und d
041 _aEnglish
082 _a105.23
100 _aV. Ramachandran
245 0 _aTransmission Lines
_cby V. Ramachandran, K. Shankar
260 _c0
650 _aB
700 _aK. Shankar
942 _cBK
999 _c11444
_d11444